Normal view
MARC view
Entry Topical Term
001 - CONTROL NUMBER
- control field: 51335
003 - CONTROL NUMBER IDENTIFIER
- control field: ARRUPE
005 - DATE AND TIME OF LATEST TRANSACTION
- control field: 20220413115954.0
008 - FIXED-LENGTH DATA ELEMENTS
- fixed length control field: 220413|| aca||aabn | a|a d
040 ## - CATALOGING SOURCE
- Original cataloging agency: ARRUPE
- Transcribing agency: ARRUPE
150 ## - HEADING--TOPICAL TERM
- Topical term or geographic name as entry element: Government accountability
- Geographic subdivision: South Africa
670 ## - SOURCE DATA FOUND
- Source citation: Work cat.: (ARRUPE)131306: Basson, Adriaan, author. 51330, Enemy of the people :, 2017